000 00549nam a2200193Ia 4500
005 20250508161507.0
008 008 250505s9999 xx 000 0 eng d
037 _aBooks to be hide in OPAC
040 _aFEDL
_beng
_cFEDL
041 _aeng
_2eng
084 _a954, PYA/O
_qFEDL
100 _aPyarelal
245 0 _aNation builder at work
260 _aAhmedabad, India
_bNavjivan Prakashan Mandir
_c1952
300 _aiv,69p.
490 _aGandhi memorial lectures 1951
942 _cHB
_h954, PYA/O
999 _c1370304
_d1370304